L'anuncí de l'Evangelí pels camins del món (Record no. 84742)

MARC details
000 -LEADER
campo de control de longitud fija 00711nam a2200217 i 4500
001 - NÚMERO DE CONTROL
campo de control 84742
003 - IDENTIFICADOR DE NÚMERO DE CONTROL
campo de control ES-MaACL
005 - FECHA Y HORA DE LA ÚLTIMA TRANSACCIÓN
campo de control 20230906175106.0
007 - CAMPO FIJO DE DESCRIPCIÓN FÍSICA--INFORMACIÓN GENERAL
campo de control de longitud fija t|
008 - DATOS DE LONGITUD FIJA--INFORMACIÓN GENERAL
campo de control de longitud fija 041123s1964 sp ||||1| cat d
100 1# - ENTRADA PRINCIPAL--NOMBRE DE PERSONA
Nombre de persona Jenny, Henry.
9 (RLIN) 66310
245 12 - MENCIÓN DEL TÍTULO
Título L'anuncí de l'Evangelí pels camins del món
Resto del título : de Jerusalem a Roma : Lectura dels Actes dels Apóstols /
Mención de responsabilidad, etc. Henry Jenny ; traductor, Just M. Llorens.
250 ## - MENCION DE EDICION
Mención de edición [1ª ed.].
260 ## - PUBLICACIÓN, DISTRIBUCIÓN, ETC.
Lugar de publicación, distribución, etc. Barcelona :
Nombre del editor, distribuidor, etc. Estela,
Fecha de publicación, distribución, etc. [1964]
300 ## - DESCRIPCIÓN FÍSICA
Extensión 157 p. ;
Dimensiones 17 cm.
490 1# - MENCIÓN DE SERIE
Mención de serie Conéixer la Biblia ;
Designación de volumen o secuencia 3
700 1# - ENTRADA AGREGADA--NOMBRE PERSONAL
Nombre de persona Llorens, Just M.
9 (RLIN) 72877
830 0# - PUNTO DE ACCESO ADICIONAL DE SERIE-TÍTULO UNIFORME
Título uniforme Conéixer la Biblia ;
Designación de volumen o secuencia 3
9 (RLIN) 183837
852 ## - LOCALIZACIÓN
Ubicación ES-MaACL
Número de control de estantería C-25662
Sublocalización o colección R.54202
Holdings
Estatus retirado Estado de pérdida Estado de daño No para préstamo Biblioteca de origen Biblioteca actual Ubicación en estantería Fecha de adquisición Fuente de adquisición Total de préstamos Signatura topográfica completa Código de barras Visto por última vez Precio de reemplazo Tipo de ítem Koha
        Biblioteca del Ateneo de Madrid Biblioteca del Ateneo de Madrid Depósito 2 17/01/2008     C-25662 1088560 23/02/2023 23/02/2023 Libro impreso